පළමුවැනි පාර්ලිමේන්තුව පාර්ලිමේන්තු ප්රකාශන මාලා 1985 පොදු ව්යපාර පිළිබද කාරක සභාව නිකුත් කළ 7 වැනි වාර්තාව (Record no. 149596)
[ view plain ]
| 000 -LEADER | |
|---|---|
| fixed length control field | 00690nam a22001577a 4500 |
| 003 - CONTROL NUMBER IDENTIFIER | |
| control field | LK-CoDNM |
| 005 - DATE AND TIME OF LATEST TRANSACTION | |
| control field | 20240911102447.0 |
| 008 - FIXED-LENGTH DATA ELEMENTS--GENERAL INFORMATION | |
| fixed length control field | 240828b |||||||| |||| 00| 0 eng d |
| 040 ## - CATALOGING SOURCE | |
| Original cataloging agency | LK-CoDNM |
| Modifying agency | LK-CoDNM |
| Description conventions | LK-CoDNM |
| 041 ## - LANGUAGE CODE | |
| Language code of original | Sinhala,Tamil |
| 080 ## - UNIVERSAL DECIMAL CLASSIFICATION NUMBER | |
| Item number | GP1983 |
| 942 ## - ADDED ENTRY ELEMENTS (KOHA) | |
| Koha item type | Books |
| 245 ## - TITLE STATEMENT | |
| Title | පළමුවැනි පාර්ලිමේන්තුව පාර්ලිමේන්තු ප්රකාශන මාලා 1985 පොදු ව්යපාර පිළිබද කාරක සභාව නිකුත් කළ 7 වැනි වාර්තාව |
| Remainder of title | අංක 73 |
| 260 ## - PUBLICATION, DISTRIBUTION, ETC. (IMPRINT) | |
| Place of publication, distribution, etc. | Colombo |
| Name of publisher, distributor, etc. | Government printers |
| Date of publication, distribution, etc. | 1983 january 24 |
| 300 ## - PHYSICAL DESCRIPTION | |
| Other physical details | 38p. ; 24 cm |
| Withdrawn status | Lost status | Damaged status | Not for loan | Collection code | Permanent Location | Current Location | Shelving location | Date acquired | Full call number | Barcode | Koha item type |
|---|---|---|---|---|---|---|---|---|---|---|---|
| Damaged | Old Books Collection | Library National Museum Colombo - Sri Lanka | Library National Museum Colombo - Sri Lanka | Reference | 2024-08-28 | GP1983 | GP2055 | Books |


